| 000 | 00547 a2200169 4500 | ||
|---|---|---|---|
| 001 | 066067 | ||
| 003 | OSt | ||
| 005 | 20210909114349.0 | ||
| 008 | |||
| 082 |
_a305.40954 _bG95S |
||
| 100 | 1 | _aGupta, Charu | |
| 245 | 1 |
_aSexuality,obscenity,community _cby Charu Gupta |
|
| 260 |
_aUK _bPermanent Black _c2008 |
||
| 300 | _a388p. | ||
| 690 | _aManners and customs; Sex--Religious aspects--Hinduism; Women--Social life and customs; India; Moral conditions; Muslim women; Women; Women and religion | ||
| 942 |
_2ddc _cBK |
||
| 999 |
_c259 _d259 |
||